College teaching and the development of reasoning
Gespeichert in:
| Hauptverfasser: | , , , |
|---|---|
| Format: | Buch |
| Sprache: | Englisch |
| Veröffentlicht: |
IAP
2009
|
| Schriftenreihe: | Science and Engineering Education Sources
|
| Schlagworte: | |
| Tags: |
Tag hinzufügen
Keine Tags, Fügen Sie den ersten Tag hinzu!
|
MARC
| LEADER | 00000cam a2200000 a 4500 | ||
|---|---|---|---|
| 001 | UCF4011 | ||
| 003 | CL-VaPUC | ||
| 008 | 121115e20090000US |||||||||||||||||eng|d | ||
| 020 | |a 9781607522362 | ||
| 082 | 0 | 4 | |a 378.125 |b FUL |2 21 |
| 100 | 0 | |a Fuller, Robert G |e author |9 565648 | |
| 700 | 0 | |a Campbell, Thomas C |e author |9 565649 | |
| 700 | 0 | |a Dykstra, Dewey I |e author |9 565650 | |
| 700 | 0 | |a Stevens, Scott M |e author |9 565651 | |
| 245 | 1 | 0 | |a College teaching and the development of reasoning |
| 300 | |a 326 P | ||
| 942 | |c BK | ||
| 945 | |d 20121115 00:00:00 |a dcastane | ||
| 260 | |b IAP |c 2009 | ||
| 650 | 0 | |a Educación superior |9 223851 | |
| 650 | 0 | |a Razonamiento |9 256520 | |
| 650 | 0 | |a Métodos de enseñanza |9 270413 | |
| 583 | |a last modification |c 20121115 10:00:00 |k Rodrigo Vera | ||
| 490 | 0 | |a Science and Engineering Education Sources | |
| 999 | |c 350017 |d 350015 | ||
| 952 | |0 0 |1 0 |4 0 |6 378_125000000000000_FUL_2009 |7 0 |8 A |9 452964 |a BIBCUR |b BIBCUR |d 2019-11-22 |i 4923022 |o 378.125 FUL 2009 |p 4923022 |r 2025-04-22 |w 2019-11-22 |y BK |k FIS | ||